Czy interwencjonizm panstwowy zwyciezy w przemysle EWG i USA?

Problém intervenčnej priemyselnej politiky v niektorých krajinách EHS a USA. Voľná konkurencia a bariéry medzi národnými trhmi. Projekt 1992. V. Británia a Holandsko na čele odporcov intervencionizmu, kým Francúzsko a Taliansko na čele zástancov intervencionistov. Čo je lepšie? Doteraz zvíťazili zás...

Ausführliche Beschreibung

Gespeichert in:
Bibliographische Detailangaben
1. Verfasser: Karpinski, A.
Weitere Verfasser: Zawadzka, A.
Format: Buchkapitel
Sprache:Polnisch
Schlagworte:
Tags: Tag hinzufügen
Keine Tags, Fügen Sie das erste Tag hinzu!

MARC

LEADER 00000naa a2200000 4500
001 r008582
005 20221125122406.9
041 0 |a pol 
044 |a PL 
245 1 0 |a Czy interwencjonizm panstwowy zwyciezy w przemysle EWG i USA?  |c A. Karpinski, A. Zawadzka 
520 |a Problém intervenčnej priemyselnej politiky v niektorých krajinách EHS a USA. Voľná konkurencia a bariéry medzi národnými trhmi. Projekt 1992. V. Británia a Holandsko na čele odporcov intervencionizmu, kým Francúzsko a Taliansko na čele zástancov intervencionistov. Čo je lepšie? Doteraz zvíťazili zástancovia voľného trhu. Recesia a deficit Európy v obchode s Japonskom a USA hovoria v prospech intervencionistov. 
610 2 0 |a intervencionizmus štátny 
610 2 0 |a priemysel 
610 2 0 |a EHS 
610 2 0 |a USA 
610 2 0 |a konkurencia 
610 2 0 |a trh 
610 2 0 |a obchod medzinárodný 
610 2 0 |a Japonsko 
100 1 |a Karpinski, A. 
700 1 |a Zawadzka, A.